| 000 | 00655nam a2200205Ia 4500 | ||
|---|---|---|---|
| 008 | 240729s9999 xx 000 0 und d | ||
| 022 | _a1678-9946 | ||
| 245 | 0 | _aRevista do Instituto de Medicina Tropical de São Paulo | |
| 260 | _aBrazil | ||
| 260 | _bUniversidade de São Paulo (USP) | ||
| 650 | _a Arctic medicine. Tropical medicine | Medicine | ||
| 650 | _a Infectious and parasitic diseases | ||
| 650 | _a Internal medicine | ||
| 650 | _a Internal medicine | ||
| 650 | _a Special situations and conditions | ||
| 650 | _aMedicine | ||
| 856 | _uhttps://doaj.org/toc/91bf189aa9fe456eba47a73f81c8d4c3 | ||
| 942 | _2ddc | ||
| 942 | _cDOAJEJ | ||
| 999 |
_c74566 _d74566 |
||
| 945 |
_a1 _bMadushi Gamage _c1 _dMadushi Gamage |
||